000 00465nam a2200193Ia 4500
005 20250923144426.0
008 008 250917s9999 xx 000 0 eng d
037 _aReference
040 _aDSWL
_beng
_cDSWL
041 _aeng
_2eng
084 _qDSWL
245 0 _aReport. Oct.1952-!953
_cby India.Secondary Education Commission
260 _c1953
300 _a311 p.
365 _aINR
_b2
925 _g2
942 _cREF
999 _c1438713
_d1438713